Just Dance Main Series Games - Statistics

General Stats
  • This quiz has been taken 31 times
  • The average score is 13 of 16
Answer Stats
Released Game % Correct
2009 Just Dance
100%
2010 Just Dance 2
100%
2011 Just Dance 3
96%
2012 Just Dance 4
96%
2013 Just Dance 2014
92%
2014 Just Dance 2015
92%
2015 Just Dance 2016
88%
2017 Just Dance 2018
79%
2016 Just Dance 2017
75%
2018 Just Dance 2019
71%
2019 Just Dance 2020
71%
2020 Just Dance 2021
71%
2022 Just Dance 2023 Edition
67%
2021 Just Dance 2022
58%
2023 Just Dance 2024 Edition
54%
2024 Just Dance 2025 Edition
50%
No matching quizzes found
Score Distribution
Percent of People with Each Score
Percentile by Number Answered
Your Score History
You have not taken this quiz